Гаситель колебаний ударного типа: полезная модель

書誌詳細
第一著者: Гаврилин А. Н. Алексей Николаевич
団体著者: Национальный исследовательский Томский политехнический университет (ТПУ)
その他の著者: Черкасов А. И. Александр Иванович, Хреновский С. А.
要約:опубл. 10.09.14
Полезная модель относится к машиностроению и предназначена для защиты от вибраций различных объектов, в частности, металлорежущих станков.
言語:ロシア語
出版事項:
主題:
オンライン・アクセス:http://www.fips.ru/Archive/PAT/2014FULL/2014.09.10/DOC/RUNWU1/000/000/000/145/093/document.pdf
フォーマット: 電子媒体 図書
KOHA link:https://koha.lib.tpu.ru/cgi-bin/koha/opac-detail.pl?biblionumber=638130

MARC

LEADER 00000nlm0a2200000 4500
001 638130
005 20231214110712.0
029 1 0 |a RU  |b 145093  |c Пат.  |d МПК F 16 F 7/10 
035 |a (RuTPU)RU\TPU\network\2363 
035 |a RU\TPU\network\2362 
039 0 |a RU  |b 2014114327/11  |c 20140410 
090 |a 638130 
100 |a 20141209j20140410k y0rusy50 ca 
101 0 |a rus 
102 |a RU 
105 |a a k 000zy 
135 |a drcn ---uucaa 
181 0 |a i  
182 0 |a b 
200 1 |a Гаситель колебаний ударного типа  |e полезная модель  |f А. Н. Гаврилин, А. И. Черкасов, А. С. Хреновский  |g Национальный исследовательский Томский политехнический университет (ТПУ) 
203 |a Текст  |c электронный 
300 |a опубл. 10.09.14 
330 |a Полезная модель относится к машиностроению и предназначена для защиты от вибраций различных объектов, в частности, металлорежущих станков. 
610 1 |a патенты 
610 1 |a труды учёных ТПУ 
610 1 |a электронный ресурс 
610 1 |a изобретения 
610 1 |a полезные модели 
610 1 |a гасители 
610 1 |a колебания 
610 1 |a машиностроение 
610 1 |a вибрации 
610 1 |a металлорежущие станки 
700 1 |a Гаврилин  |b А. Н.  |c специалист в области машиностроения  |c доцент Томского политехнического университета, кандидат технических наук  |f 1960-  |g Алексей Николаевич  |3 (RuTPU)RU\TPU\pers\28206  |9 13160 
701 1 |a Черкасов  |b А. И.  |c специалист в области машиностроения  |c старший преподаватель Томского политехнического университета  |f 1972-  |g Александр Иванович  |3 (RuTPU)RU\TPU\pers\32819 
701 1 |a Хреновский  |b С. А. 
712 0 2 |a Национальный исследовательский Томский политехнический университет (ТПУ)  |c (2009- )  |3 (RuTPU)RU\TPU\col\15902 
801 1 |a RU  |b 63413507  |c 20120201 
801 2 |a RU  |b 63413507  |c 20160607  |g RCR 
856 4 |u http://www.fips.ru/Archive/PAT/2014FULL/2014.09.10/DOC/RUNWU1/000/000/000/145/093/document.pdf 
942 |c CF